000 00344nam a2200145 i 4500
001 bg
100 1 _aPORĘBSKI, Wiesław
245 0 _aPascal :
_bwprowadzenie do programowania /
_cW. Porębski.
260 _aGdańsk,
_c1987.
630 0 9 _aPascal
040 _cBPK
041 _apol
942 _cKS
008 s pl f |000 0 pol
999 _c3437
_d3437
856 _uhttp://koha.tu.koszalin.pl/cgi-bin/koha/opac-detail.pl?biblionumber=3437
_yKatalog online BPK